书目信息 |
| 题名: |
材料力学
|
|
| 作者: | 孙训方 , 方孝淑 , 陆耀洪 编 | |
| 分册: | 下册 | |
| 出版信息: | 北京 高等教育出版社 1965 |
|
| 页数: | 376页 | |
| 开本: | 19cm | |
| 丛书名: | ||
| 单 册: | ||
| 中图分类: | TB301 | |
| 科图分类: | ||
| 主题词: | 工程材料 | |
| 电子资源: | ||
| ISBN: | ||
| 000 | 00634nam0 2200229 45 | |
| 001 | 0405201523 | |
| 005 | 20060921145448.26 | |
| 010 | @dCNY0.65 | |
| 091 | @a15012.063 | |
| 100 | @a20040520d1965 km y0chiy0120 ea | |
| 101 | 0 | @achi |
| 200 | 1 | @a材料力学@ACai Liao Li Xue@h下册@f孙训方,方孝淑,陆耀洪编@Fsun xun fang,fang xiao shu,lu yao hong bian |
| 210 | @a北京@c高等教育出版社@d1965 | |
| 215 | @a376页@d19cm | |
| 300 | @a高等学校试用教材 | |
| 606 | 0 | @a工程材料 |
| 690 | @aTB301@v3 | |
| 701 | 0 | @a孙训方@4编 |
| 701 | 0 | @a方孝淑@4编 |
| 701 | 0 | @a陆耀洪@Alu yao hong@4编 |
| 801 | @aCN@bPftUser@c20060921 | |
| 905 | @dTB301@e106:2 | |
| 材料力学.下册/孙训方,方孝淑,陆耀洪编.-北京:高等教育出版社,1965 |
| 376页;19cm |
| 高等学校试用教材 |
| ISBN :CNY0.65 |
| ● |
| 相关链接 |
|
|
|
|
正题名:材料力学
索取号:TB301/106:2
 
预约/预借
| 序号 | 登录号 | 条形码 | 馆藏地/架位号 | 状态 | 备注 |
| 1 | 0011701 | 202332065 | 密集书库/ [索取号:TB301/106:2] | 在馆 | |
| 2 | 0011702 | 202332074 | 密集书库/ [索取号:TB301/106:2] | 在馆 | |
| 3 | 0439213 | 204392139 | 密集书库/ [索取号:TB301/106:2] | 在馆 | |
| 4 | 0439214 | 204392148 | 密集书库/ [索取号:TB301/106:2] | 在馆 | |
| 5 | 0458287 | 204582870 | 密集书库/ [索取号:TB301/106:2] | 在馆 | |
| 6 | 0458421 | 204584217 | 密集书库/ [索取号:TB301/106:2] | 在馆 | |
| 7 | 0458422 | 204584226 | 密集书库/ [索取号:TB301/106:2] | 在馆 | |
| 8 | 0458896 | 204588963 | 密集书库/ [索取号:TB301/106:2] | 在馆 | |
| 9 | 0470306 | 204703062 | 密集书库/ [索取号:TB301/106:2] | 在馆 | |
| 10 | 0472506 | 204725066 | 密集书库/ [索取号:TB301/106:2] | 在馆 |